000 00333nam a2200133 i 4500
001 bg
100 1 _aARABI, I.
245 0 _aKsięga o podróży nocnej do najbardziej szlachetnego miejsca /
_cI. Arabi.
260 _aWarszawa,
_c1990.
040 _cBPK
041 _apol
942 _cKS
008 s pl f |000 0 pol
999 _c29237
_d29237
856 _uhttp://koha.tu.koszalin.pl/cgi-bin/koha/opac-detail.pl?biblionumber=29237
_yKatalog online BPK